| 000 | 01249nam0a22003131 4500 | ||
|---|---|---|---|
| 001 | rc\3541669 | ||
| 005 | 20250610015701.0 | ||
| 021 |
_aRU _bП6-75 |
||
| 035 | _a(NLR Aleph) 007634267 | ||
| 090 |
_a6056446 _c6056446 |
||
| 100 | _a20130115d1974 |||y0rusy50 ca | ||
| 101 | 0 | _arus | |
| 102 | _aRU | ||
| 105 | _ay z ||||| | ||
| 200 | 1 | _aВопросы агрофитоценологии | |
| 210 |
_aБаку _cБ. и. _d1974 |
||
| 215 |
_a146 с. _d21 |
||
| 225 | 1 |
_aМинистерство высшего и среднего специального образования РСФСР. Башкирский государственный университет имени 40-летия Октября. Сборник научных трудов _vВып. 78 _iСерия биологических наук _v№ 10 |
|
| 300 | _aВ содерж. авт.: Р.Г. Манибаев, Ф.М. Ханов, Р.В. Уразметов [и др.] | ||
| 320 | _aБиблиогр. в конце глав | ||
| 701 | 1 |
_aХанов _bФ.М. |
|
| 701 | 1 |
_aУразметов _bР.В. |
|
| 701 | 1 |
_aМанибаев _bР.Г. |
|
| 801 | 0 |
_aRU _bNLR _gpsbo |
|
| 801 | 1 |
_aRU _bELAR _2rusmarc |
|
| 852 |
_aNLR _bОНЛ |
||
| 942 | _cBOOK | ||
| 980 | _aNB | ||